banner koha

Estudo etnofarmacológico em entorno de floresta urbana como subsídio para a implantação da Fitoterapia no Sistema Único de Saúde (Registro n. 300146)

MARC details
000 -LÍDER
fixed length control field 04622nab a2200313 i 4500
003 - CÓDIGO MARC DA AGÊNCIA CATALOGADORA
Campo de controle BR-BrBNA
005 - DATA E HORA DA ÚLTIMA ATUALIZAÇÃO
Campo de controle 20240620094956.0
008 - CAMPO DE TAMANHO FIXO
fixed length control field 240620b2015 bl.qr|pooa||| 00| 0 por |
040 ## - FONTE DA CATALOGAÇÃO
Agência catalogadora BR-BrBNA
Idioma da catalogação por
072 ## - CATEGORIA AGRIS
Código AGRIS F60
072 ## - CATEGORIA AGRIS
Código AGRIS F70
072 ## - CATEGORIA AGRIS
Código AGRIS S01
100 ## - ENTRADA PRINCIPAL - NOME PESSOAL
Nome pessoal Borcard, G.G.
100 ## - ENTRADA PRINCIPAL - NOME PESSOAL
Nome pessoal Conde, B.E.
100 ## - ENTRADA PRINCIPAL - NOME PESSOAL
Nome pessoal Alves, M.J.M.
100 ## - ENTRADA PRINCIPAL - NOME PESSOAL
Nome pessoal Chedier, L.M.
100 ## - ENTRADA PRINCIPAL - NOME PESSOAL
Nome pessoal Pimenta, D.S.
245 ## - TÍTULO PRINCIPAL
Título principal Estudo etnofarmacológico em entorno de floresta urbana como subsídio para a implantação da Fitoterapia no Sistema Único de Saúde
500 ## - NOTA GERAL
Nota geral Publicação on-line; Bibliography p. 934-936 (51 ref.); 3 tables; Summaries (En, Pt)
942 ## - ADDED ENTRY ELEMENTS (KOHA)
Koha item type
520 ## - NOTA DE RESUMO
Nota de conteúdo <br/><br/>RESUMO: <br/><br/>O estudo etnofarmacológico pode ser definido como exploração científica<br/>interdisciplinar dos agentes biologicamente ativos, tradicionalmente utilizados por populações<br/>humanas e que fazem parte de um acervo de conhecimento compartilhado. Desta forma o<br/>presente estudo teve como objetivo o estudo etnofarmacológico de plantas medicinais, no<br/>entorno de floresta urbana na Reserva Biológica Poço D’Anta em Juiz de Fora/MG visando a<br/>implantação da fitoterapia no Sistema Único de Saúde. Para este, realizou-se levantamento<br/>com três diferentes amostras: profissionais de saúde, domicílios em geral e especialistas<br/>locais. Quanto aos profissionais de saúde, pôde-se constatar que nenhum entrevistado soube<br/>conceituar o termo “Fitoterápico” e que não conheciam as políticas vigentes. Constatou-se<br/>que há aceitabilidade da implantação de Fitoterapia na saúde pública, porém, o conhecimento<br/>do tema é limitado. A partir das entrevistas nos domicílios em geral e com os especialistas<br/>locais, selecionou-se um total de 20 espécies botânicas para análise estatística e confirmação<br/>farmacológica. Esses resultados possibilitaram confrontar o conhecimento cultural com científico,<br/>com base em 14 espécies que poderiam ser cultivadas em horto na Reserva Biologica Poço<br/>D´Anta, com base em suas relevâncias locais. Os resultados obtidos podem subsidiar a<br/>aproximação do saber popular em relação ao científico, servindo de base para manutenção e<br/>fomento da implantação da Fitoterapia no sistema único de saúde.<br/><br/>Palavras-chave: etnofarmacologia, plantas medicinais e terapias complementares.
520 ## - NOTA DE RESUMO
Nota de conteúdo <br/><br/>ABSTRACT: <br/><br/>Ethnopharmacological study surrounding urban forest as a resource<br/>for the implementation of herbal medicine in the National Health System.<br/>The ethnopharmacological study can be defined as an interdisciplinary scientific<br/>exploration of biologically active agents, traditionally used by human populations and<br/>part of a shared body of knowledge. Thus, the current study focused on the<br/>ethnopharmacological research of medicinal plants, in the surroundings of the urban forest<br/>in the Biological Reserve PoçoD’Anta in Juiz de Fora / MG, aiming on the implementation of<br/>the herbal medicine in the Public Health System. For this purpose, a survey was held with<br/>three different groups: health professionals, members of the community and local experts.<br/>Concerning the health professionals, it could be verified that none of the participants were<br/>able to explain the term Phytotherapic and neither they had knowledge about the relevant<br/>and applicable policies.The acceptability for the implantation of Phytotherapy for public health<br/>use was observed, but the knowledge about this subject is limited. From the interviews with<br/>members of the community and local experts, a total of 20 plant species were selected for a<br/>statistical analysis and pharmacological confirmation. These results made possible to compare<br/>the cultural knowledge with the scientific one, defining 14 species that could be grown in the<br/>garden of the Biological Reserve Poço D’Anta, based on their local relevance. The results can<br/>support the approximation of the popular knowledge with the scientific one, providing a basis for<br/>the maintenance and promotion of the Phytotherapy in the Public Health System.<br/><br/>Keywords: ethnopharmacology, medicinal plants, complementary therapies.
650 ## - ASSUNTO - THESAGRO
Cabeçalho tópico ou nome geográfico FARMACOLOGIA
650 ## - ASSUNTO - THESAGRO
Cabeçalho tópico ou nome geográfico PLANTA MEDICINAL
650 ## - ASSUNTO - THESAGRO
Cabeçalho tópico ou nome geográfico TERAPIA
773 0# - ENTRADA ANALÍTICA
Host Biblionumber 3543
Registro do item 315963
Imprenta Botucatu-SP Instituto de Biociências - Departamento de Química e Bioquímica 1998
Outro identificador 2024-2330
Título Revista Brasileira de Plantas Medicinais (Brazil)
ISSN 1516-0572
Colação v. 17(4 suppl. 2) p. 928-936; (2015)
Número de controle de registro BR2024001424
856 ## - ACESSO E ENDEREÇO ELETRÔNICO
Identificador uniforme de recurso - URI https://www.scielo.br/j/rbpm/a/zdW8vbTSPvbXpXNFFQv8Nkw/?format=pdf&lang=pt

Nenhum exemplar disponível.

BINAGRI

Telefone: (61)3218-2567/2388/3357/2097 - binagri@agro.gov.br

Ministério da Agricultura e Pecuária , Esplanada dos Ministérios, Bloco D, Anexo B, Brasília/DF, CEP: 70.043-900